LEADER 01500nam 2200445 450 001 000010794 005 20070503173600.0 010 $a88-02-01929-0 100 $a20020319d1978----km-y0itay0103----ba 101 0 $aita 102 $aIT 200 1 $a<> opere$fIvo Andric$g[a cura di Bruno Meriggi] 200 1 $a1 $n0007244 210 $aTorino$cUTET$dstampa1978 215 $aXXXI, 735 p.$c1 ritr.$d17 cm. 225 2 $aScrittori del mondo: i Nobel 327 $aIl ponte sulla Drina ; Racconti 410 0$12001$aScrittori del mondo: i Nobel 676 $a891.82$v(20. ed.)$9Letteratura serbo-croata 700 1$aAndric,$bIvo$0440622 702 1$aMeriggi,$bBruno 801 0$aIT$bUniversità della Basilicata - B.I.A.$gRICA$2unimarc 912 $a000010794 996 $aOpere$977152 997 $aUNIBAS BAS $aMONLET BAS $aMONOGR BAS $aLETTERE CAT $aSTD016$b01$c20020319$lBAS01$h1113 CAT $aTROMBONE$b01$c20020319$lBAS01$h1629 CAT $aTROMBONE$b01$c20020404$lBAS01$h1607 CAT $aTROMBONE$b20$c20021011$lBAS01$h1057 CAT $c20050601$lBAS01$h1754 CAT $abatch$b01$c20050718$lBAS01$h1050 CAT $c20050718$lBAS01$h1110 CAT $c20050718$lBAS01$h1140 CAT $c20050718$lBAS01$h1154 CAT $aBATCH$b00$c20070503$lBAS01$h1736 FMT Z30 -1$lBAS01$LBAS01$mBOOK$1BASA1$APolo Storico-Umanistico$2GEN$BCollezione generale$3FP/13260$613260$5L13260$820020319$f02$FPrestabile Generale LEADER 01027nam a2200229 i 4500 001 991001499009707536 008 111122s2011 b 001 0 eng d 035 $ab14024147-39ule_inst 040 $aDip.to Matematica$beng 084 $aAMS 05A19 084 $aAMS 14G10 100 1 $aEsposito, Flavia Lucia$0476197 245 10$aMultisection Series and Pi-Formulae. Tesi di laurea in algebra combinatoria /$claureanda Flavia Lucia Esposito ; relat. Chu Wenchang 260 $aLecce :$bUniversità del Salento. Facoltà di Scienze MM. FF. NN. Corso di laurea Specialistica in Matematica,$ca.a. 2010-11 300 $a65 p. ;$c29 cm 700 1 $aWenchang, Chu 907 $a.b14024147$b02-04-14$c22-11-11 912 $a991001499009707536 945 $aLE013 TES 2010/11 ESP1$g1$i2013000214795$lle013$og$pE15.00$q-$rn$so $t1$u0$v0$w0$x0$y.i15350824$z23-11-11 996 $aMultisection Series and Pi-Formulae. Tesi di laurea in algebra combinatoria$9243462 997 $aUNISALENTO 998 $ale013$b22-11-11$cm$da $e-$fita$git $h0$i0 LEADER 00852nam a2200193 i 4500 001 991004312930907536 005 20240325150752.0 008 240325s1890 it r 001 0 ita d 040 $aBibl. Interfacoltà T. Pellegrino$bita$cSocioculturale Scs 041 0 $aita 082 04$a945.7310743$223 100 1 $aRossi, Michele, $01732705 245 10$aNuova luce risultante dai veri fatti avvenuti in Napoli pochi anni prima del 1799 :$bmonografia ricavata da documenti finora sconosciuti relativi alla gran causa dei rei di stato del 1794 /$cMichele Rossi 260 $aFirenze :$bTipografia di G. Barbera,$c1890 300 $a398 p. ;$c23 cm 650 4$aRepubblica partenopea <1799>$xStoria 912 $a991004312930907536 996 $aNuova luce risultante dai veri fatti avvenuti in Napoli pochi anni prima del 1799$94147053 997 $aUNISALENTO